000 00589nam a2200145 a 4500
001 000032244
005 20200930063543.0
010 _a110713s1906 dr r 000 0 spa d
040 _aDO-SdBNP
_bspa
_cBNPHU
082 _axxxx
_bM562c
100 1 _aMeriño, Fernando Arturo de,
_d1833-1906.
_951821
245 1 0 _aCartas pastorales y circulares importantes dirigidas al clero y a los fieles de arquidiocesis por el limo y remo señor Don Fernanco Arturo de Meriño /
_cFernando Arturo de Meriño.
260 _aSanto Domingo :
_bImp. La Cuna de América,
_c1906.
300 _a283 p. ;
_c30 cm.
999 _c31735
_d31735